[Event "Winnipeg February Sect-C"]
[Site "Winnipeg CAN"]
[Date "2008.02.09"]
[Round "2"]
[White "Remillard, John"]
[Black "Swift, Ryne"]
[Result "1/2-1/2"]
[WhiteElo "1673"]
[BlackElo "1215"]
[PlyCount "116"]
[GameId "2160767910413582"]
[EventDate "2008.02.10"]
[EventType "swiss"]
[EventRounds "5"]
[EventCountry "CAN"]
[SourceTitle "EXT 2019"]
[Source "ChessBase"]
[SourceDate "2018.10.10"]
[SourceVersion "1"]
[SourceVersionDate "2018.10.10"]
[SourceQuality "1"]

1. c4 e5 2. Nc3 Nf6 3. a3 Nc6 4. g3 Bc5 5. Bg2 O-O 6. e3 d6 7. Nge2 Be6 8. Nd5 Bxd5 9. cxd5 Ne7 10. Nc3 Bb6 11. O-O Ng6 12. b4 a6 13. Bb2 Qd7 14. Ne2 Rfe8 15. d4 exd4 16. Nxd4 Ne7 17. Ne2 Qf5 18. Nf4 Ng6 19. Bh3 Qg5 20. Nxg6 Qxg6 21. Rc1 Qg5 22. Bg2 Qf5 23. a4 Nd7 24. a5 Ba7 25. Rxc7 Rab8 26. Bf3 Ne5 27. Bxe5 Qxe5 28. Qd3 Rec8 29. Rfc1 Rxc7 30. Rxc7 Qf6 31. Qc2 Qd8 32. Bg4 g6 33. Rc8 Rxc8 34. Qxc8 Qxc8 35. Bxc8 b6 36. axb6 Bxb6 37. Bxa6 Kg7 38. Kg2 Kf6 39. Kf3 Ke5 40. Bb7 Bd8 41. Ke2 Ke4 42. f3+ Ke5 43. Kd3 Kf6 44. e4 Ke7 45. f4 Bb6 46. g4 Bg1 47. h3 Bh2 48. f5 Bg1 49. fxg6 hxg6 50. h4 Kf6 51. Bc8 Bh2 52. b5 Bg1 53. Bd7 g5 54. h5 Kg7 55. Kc4 Bc5 56. Kb3 Bb6 57. Kc4 f6 58. Bc8 Bc7 1/2-1/2

[Event "Winnipeg February Sect-C"]
[Site "Winnipeg CAN"]
[Date "2008.02.09"]
[Round "2"]
[White "Trinidad, Kris"]
[Black "Letain, Cory"]
[Result "1-0"]
[WhiteElo "1499"]
[BlackElo "1375"]
[PlyCount "41"]
[GameId "2160767910413583"]
[EventDate "2008.02.10"]
[EventType "swiss"]
[EventRounds "5"]
[EventCountry "CAN"]
[SourceTitle "EXT 2019"]
[Source "ChessBase"]
[SourceDate "2018.10.10"]
[SourceVersion "1"]
[SourceVersionDate "2018.10.10"]
[SourceQuality "1"]

1. e4 e5 2. Nf3 Nf6 3. Nxe5 d6 4. Nf3 Nxe4 5. d4 d5 6. Bd3 Bf5 7. O-O g6 8. Re1 Bg7 9. Nbd2 Qe7 10. c4 c6 11. Qc2 O-O 12. Nxe4 Bxe4 13. Bxe4 Re8 14. Bd3 Qxe1+ 15. Nxe1 Rxe1+ 16. Bf1 Bxd4 17. Qd2 Re4 18. Qb4 b6 19. Bh6 c5 20. Qb3 dxc4 21. Qf3 1-0

[Event "Winnipeg February Sect-C"]
[Site "Winnipeg CAN"]
[Date "2008.02.09"]
[Round "3"]
[White "Gibbons, Lorne"]
[Black "Remillard, John"]
[Result "0-1"]
[WhiteElo "1227"]
[BlackElo "1673"]
[PlyCount "26"]
[GameId "2160767910413585"]
[EventDate "2008.02.10"]
[EventType "swiss"]
[EventRounds "5"]
[EventCountry "CAN"]
[SourceTitle "EXT 2019"]
[Source "ChessBase"]
[SourceDate "2018.10.10"]
[SourceVersion "1"]
[SourceVersionDate "2018.10.10"]
[SourceQuality "1"]

1. d4 d5 2. c4 dxc4 3. e4 Nc6 4. d5 Ne5 5. Bf4 Ng6 6. Bg3 Nf6 7. f3 e6 8. Bxc4 Bd6 9. Bxd6 Qxd6 10. a3 exd5 11. Bxd5 Nxd5 12. Qxd5 Qxd5 13. exd5 Nf4 0-1

[Event "Winnipeg February Sect-C"]
[Site "Winnipeg CAN"]
[Date "2008.02.09"]
[Round "3"]
[White "Swift, Ryne"]
[Black "Crawford, Gary"]
[Result "1-0"]
[WhiteElo "1215"]
[BlackElo "1326"]
[PlyCount "95"]
[GameId "2160767910413586"]
[EventDate "2008.02.10"]
[EventType "swiss"]
[EventRounds "5"]
[EventCountry "CAN"]
[SourceTitle "EXT 2019"]
[Source "ChessBase"]
[SourceDate "2018.10.10"]
[SourceVersion "1"]
[SourceVersionDate "2018.10.10"]
[SourceQuality "1"]

1. e4 c5 2. Nf3 d6 3. d4 cxd4 4. Nxd4 Nf6 5. Nc3 a6 6. Be3 e6 7. f3 Be7 8. Qd2 O-O 9. O-O-O Qc7 10. g4 Nc6 11. Qf2 Nxd4 12. Bxd4 e5 13. Be3 Be6 14. Kb1 Rfd8 15. Bb6 Qd7 16. Bxd8 Rxd8 17. Be2 b5 18. Bd3 b4 19. Ne2 Qa4 20. b3 Qc6 21. Qa7 Rc8 22. Qe3 a5 23. Qc1 a4 24. Rd2 Nd7 25. h4 Nc5 26. Qb2 Nxd3 27. Rxd3 a3 28. Qc1 d5 29. Ng3 dxe4 30. Nxe4 Bd5 31. Qe1 Bxe4 32. fxe4 Qf6 33. Qf1 Qg6 34. Rd7 Bf8 35. Qe1 Qxg4 36. Rd3 Qg2 37. Rd2 Qg4 38. Rg1 Qe6 39. Qg3 Rc3 40. Rd3 Rc5 41. Rd8 Qf6 42. Qg5 Qxg5 43. Rxg5 f6 44. Rg3 Rb5 45. c4 bxc3 46. Rxc3 Rb4 47. Ra8 Rxe4 48. Rcc8 1-0

[Event "Winnipeg February Sect-C"]
[Site "Winnipeg CAN"]
[Date "2008.02.09"]
[Round "3"]
[White "Wierda, John"]
[Black "Trinidad, Kris"]
[Result "1-0"]
[WhiteElo "1642"]
[BlackElo "1499"]
[PlyCount "61"]
[GameId "2160767910413587"]
[EventDate "2008.02.10"]
[EventType "swiss"]
[EventRounds "5"]
[EventCountry "CAN"]
[SourceTitle "EXT 2019"]
[Source "ChessBase"]
[SourceDate "2018.10.10"]
[SourceVersion "1"]
[SourceVersionDate "2018.10.10"]
[SourceQuality "1"]

1. Nf3 d5 2. c4 Nf6 3. cxd5 e6 4. dxe6 Bxe6 5. Nc3 h6 6. g3 Nc6 7. Bg2 Qd7 8. O-O O-O-O 9. d3 g5 10. h4 g4 11. Nh2 Bc5 12. a3 a5 13. Bd2 Nd4 14. b4 Bb6 15. bxa5 Bxa5 16. Rb1 Bb6 17. a4 Nxe2+ 18. Qxe2 Qxd3 19. Qxd3 Rxd3 20. Rfd1 Rhd8 21. Nf1 Bd5 22. Nxd5 Nxd5 23. Bxh6 Nc3 24. Rxd3 Rxd3 25. Rb4 Ne2+ 26. Kh2 Bxf2 27. Bxb7+ Kd8 28. Rxg4 Bg1+ 29. Kh1 Rd1 30. Kg2 Rb1 31. Ba6 1-0

[Event "Winnipeg February Sect-C"]
[Site "Winnipeg CAN"]
[Date "2008.02.10"]
[Round "4"]
[White "Letain, Cory"]
[Black "Crawford, Gary"]
[Result "1-0"]
[WhiteElo "1375"]
[BlackElo "1326"]
[PlyCount "65"]
[GameId "2160767910413589"]
[EventDate "2008.02.10"]
[EventType "swiss"]
[EventRounds "5"]
[EventCountry "CAN"]
[SourceTitle "EXT 2019"]
[Source "ChessBase"]
[SourceDate "2018.10.10"]
[SourceVersion "1"]
[SourceVersionDate "2018.10.10"]
[SourceQuality "1"]

1. c4 c6 2. d4 d5 3. cxd5 cxd5 4. Nf3 Nc6 5. Nc3 Nf6 6. e3 a6 7. h3 e6 8. Bd3 Bb4 9. Bd2 b5 10. a3 Bd6 11. b4 Bb7 12. O-O O-O 13. Re1 Ne7 14. Rc1 Rc8 15. e4 dxe4 16. Nxe4 Nxe4 17. Bxe4 Bxe4 18. Rxe4 h6 19. Re3 Rxc1 20. Qxc1 Nd5 21. Rd3 Qc7 22. Qxc7 Bxc7 23. Ne5 Rc8 24. Nd7 Ra8 25. g3 a5 26. Ne5 axb4 27. Bxb4 Nxb4 28. axb4 Ra1+ 29. Kg2 Rb1 30. Nc6 Bd6 31. d5 exd5 32. Rxd5 Bxb4 33. Rxb5 1-0

[Event "Winnipeg February Sect-C"]
[Site "Winnipeg CAN"]
[Date "2008.02.10"]
[Round "4"]
[White "Remillard, John"]
[Black "Wierda, John"]
[Result "0-1"]
[WhiteElo "1673"]
[BlackElo "1642"]
[PlyCount "64"]
[GameId "2160767910413590"]
[EventDate "2008.02.10"]
[EventType "swiss"]
[EventRounds "5"]
[EventCountry "CAN"]
[SourceTitle "EXT 2019"]
[Source "ChessBase"]
[SourceDate "2018.10.10"]
[SourceVersion "1"]
[SourceVersionDate "2018.10.10"]
[SourceQuality "1"]

1. c4 Nf6 2. Nc3 g6 3. d4 Bg7 4. e4 d6 5. Nf3 O-O 6. Be2 Nfd7 7. O-O c5 8. Be3 cxd4 9. Bxd4 Nc6 10. Bxg7 Kxg7 11. a3 b6 12. h4 Bb7 13. h5 Nf6 14. Ng5 h6 15. Nh3 Ne5 16. f4 Ned7 17. Nf2 Nc5 18. Qc2 Ne6 19. Qd2 Nxh5 20. Bxh5 gxh5 21. Nh3 f6 22. Rf3 Rc8 23. Rg3+ Kh7 24. f5 Ng5 25. Nf4 Rg8 26. Nxh5 Nxe4 27. Nxe4 Bxe4 28. Rxg8 Qxg8 29. Re1 Rxc4 30. g3 d5 31. b3 Rc2 32. Qf4 Qg5 0-1

[Event "Winnipeg February Sect-C"]
[Site "Winnipeg CAN"]
[Date "2008.02.10"]
[Round "4"]
[White "Swift, Ryne"]
[Black "Magnusson, Saul"]
[Result "1/2-1/2"]
[WhiteElo "1215"]
[BlackElo "1485"]
[PlyCount "99"]
[GameId "2160767910413591"]
[EventDate "2008.02.10"]
[EventType "swiss"]
[EventRounds "5"]
[EventCountry "CAN"]
[SourceTitle "EXT 2019"]
[Source "ChessBase"]
[SourceDate "2018.10.10"]
[SourceVersion "1"]
[SourceVersionDate "2018.10.10"]
[SourceQuality "1"]

1. e4 d5 2. exd5 Qxd5 3. Nc3 Qd6 4. Nf3 a6 5. Be2 Nf6 6. O-O b5 7. a3 Bb7 8. d3 e6 9. Be3 Be7 10. Qd2 O-O 11. Bf4 Qb6 12. Qe3 c5 13. Qd2 Nbd7 14. Bg3 Rfd8 15. Ne5 Nxe5 16. Bxe5 Rac8 17. Bg3 c4 18. Qe1 cxd3 19. Bxd3 Qc6 20. f3 Re8 21. Qe2 Nh5 22. Bf2 Nf4 23. Qe4 Nxd3 24. Qxd3 Red8 25. Qe3 Rd7 26. Qe2 Bf6 27. Be1 Bd8 28. Kh1 Bc7 29. Rd1 Rcd8 30. Bf2 e5 31. Rxd7 Rxd7 32. Rd1 h6 33. Rxd7 Qxd7 34. Qd1 Qxd1+ 35. Nxd1 f6 36. Nc3 Kf7 37. Kg1 Ba5 38. b4 Bc7 39. Bc5 g6 40. Kf2 Ke6 41. Ke3 f5 42. Kd3 Bd8 43. Bf2 Bg5 44. Be3 Bxe3 45. Kxe3 g5 46. a4 Bc6 47. a5 Bd5 48. Kf2 Bc4 49. g4 f4 50. Ne4 1/2-1/2

[Event "Winnipeg February Sect-C"]
[Site "Winnipeg CAN"]
[Date "2008.02.10"]
[Round "5"]
[White "Crawford, Gary"]
[Black "Magnusson, Saul"]
[Result "1-0"]
[WhiteElo "1326"]
[BlackElo "1485"]
[PlyCount "107"]
[GameId "2160767910413592"]
[EventDate "2008.02.10"]
[EventType "swiss"]
[EventRounds "5"]
[EventCountry "CAN"]
[SourceTitle "EXT 2019"]
[Source "ChessBase"]
[SourceDate "2018.10.10"]
[SourceVersion "1"]
[SourceVersionDate "2018.10.10"]
[SourceQuality "1"]

1. e4 d5 2. exd5 Qxd5 3. Nc3 Qd6 4. d4 Nf6 5. h3 a6 6. Nf3 b5 7. Be3 Bb7 8. a3 Nbd7 9. Be2 e6 10. Na2 Nd5 11. Bd2 c5 12. dxc5 Nxc5 13. Nc3 Be7 14. Nxd5 Bxd5 15. O-O O-O 16. Rc1 Rad8 17. Bb4 Qb6 18. Qe1 Rfe8 19. Ba5 Qd6 20. Bxd8 Bxd8 21. b4 Ne4 22. c4 bxc4 23. Bxc4 Bc7 24. Bxa6 Ng5 25. Rxc7 Nxf3+ 26. gxf3 Qxc7 27. Be2 Ra8 28. Qc1 Qe5 29. Re1 Qh5 30. Kg2 Qg6+ 31. Kh2 Qf5 32. Qe3 e5 33. Bd3 Qf4+ 34. Qxf4 exf4 35. Be4 Bxe4 36. fxe4 Rxa3 37. Rb1 Ra6 38. b5 Rb6 39. h4 h6 40. Kh3 g5 41. hxg5 hxg5 42. Kg4 f6 43. Kf5 Kf7 44. e5 fxe5 45. Kxe5 Kg6 46. Kd5 g4 47. Kc5 Rb8 48. Rb2 Kf5 49. b6 Ke6 50. b7 g3 51. fxg3 fxg3 52. Kb6 Rg8 53. Rg2 Rg4 54. b8=Q 1-0

[Event "Winnipeg February Sect-C"]
[Site "Winnipeg CAN"]
[Date "2008.02.10"]
[Round "5"]
[White "Letain, Cory"]
[Black "Swift, Ryne"]
[Result "1-0"]
[WhiteElo "1375"]
[BlackElo "1215"]
[PlyCount "71"]
[GameId "2160767910413593"]
[EventDate "2008.02.10"]
[EventType "swiss"]
[EventRounds "5"]
[EventCountry "CAN"]
[SourceTitle "EXT 2019"]
[Source "ChessBase"]
[SourceDate "2018.10.10"]
[SourceVersion "1"]
[SourceVersionDate "2018.10.10"]
[SourceQuality "1"]

1. e4 e5 2. Nf3 Nc6 3. Bb5 a6 4. Bxc6 dxc6 5. O-O Bd6 6. d4 Qe7 7. dxe5 Bxe5 8. Nxe5 Qxe5 9. f4 Qc5+ 10. Kh1 Bd7 11. Qe2 O-O-O 12. Be3 Qe7 13. Nc3 Nf6 14. Bg1 Rhe8 15. e5 Nd5 16. Nxd5 cxd5 17. Rfd1 Bc6 18. Qg4+ Qe6 19. Qxg7 Qg6 20. Qxg6 hxg6 21. Bd4 Bd7 22. Bc5 Bf5 23. Rd2 Be4 24. c3 Rh8 25. Bd4 Rh4 26. Kg1 Rxf4 27. Rf2 Rxf2 28. Kxf2 b6 29. Kg3 Kd7 30. Rf1 Ke6 31. Rf6+ Ke7 32. b4 Ke8 33. e6 Rd6 34. exf7+ Kf8 35. Rf4 Rd7 36. Bg7+ 1-0

[Event "Winnipeg February Sect-C"]
[Site "Winnipeg CAN"]
[Date "2008.02.10"]
[Round "5"]
[White "Trinidad, Kris"]
[Black "Remillard, John"]
[Result "1/2-1/2"]
[WhiteElo "1499"]
[BlackElo "1673"]
[PlyCount "107"]
[GameId "2160767910413594"]
[EventDate "2008.02.10"]
[EventType "swiss"]
[EventRounds "5"]
[EventCountry "CAN"]
[SourceTitle "EXT 2019"]
[Source "ChessBase"]
[SourceDate "2018.10.10"]
[SourceVersion "1"]
[SourceVersionDate "2018.10.10"]
[SourceQuality "1"]

1. e4 e5 2. Nf3 Nc6 3. d4 exd4 4. Nxd4 Nge7 5. Nc3 Nxd4 6. Qxd4 Nc6 7. Qd1 Bb4 8. Bb5 Bxc3+ 9. bxc3 O-O 10. O-O Re8 11. f3 Qf6 12. Bd2 Ne5 13. Bd3 d6 14. Qe1 Qg6 15. f4 Bh3 16. Qg3 Qxg3 17. hxg3 Nxd3 18. cxd3 Bg4 19. Rf2 f5 20. Re1 fxe4 21. dxe4 Re7 22. f5 Rae8 23. Rf4 h5 24. Kf2 Kf7 25. c4 Kf6 26. Ke3 Rf7 27. Kd3 Ke7 28. Bc3 Kd7 29. a4 c6 30. Rb1 Kc7 31. Rbf1 d5 32. e5 dxc4+ 33. Kxc4 Be2+ 34. Kb3 Bxf1 35. Rxf1 g6 36. f6 Kd7 37. Kc4 Ke6 38. Bd4 Rd8 39. Re1 Rd5 40. Re4 a5 41. g4 b5+ 42. axb5 cxb5+ 43. Kc3 Rc7+ 44. Kd3 hxg4 45. Rxg4 Kf5 46. e6 Kxe6 47. Rxg6 Rf7 48. Ke4 a4 49. Rg8 Rxd4+ 50. Kxd4 Kxf6 51. Rb8 Rg7 52. Rxb5 Rxg2 53. Kc3 a3 54. Rb1 1/2-1/2

[Event "Winnipeg TNT April op"]
[Site "Winnipeg CAN"]
[Date "2008.04.01"]
[Round "1"]
[White "Evans, Brian"]
[Black "Liu, Weixi"]
[Result "0-1"]
[WhiteElo "1580"]
[BlackElo "1953"]
[PlyCount "76"]
[GameId "2160767910557491"]
[EventDate "2008.01.04"]
[EventType "swiss"]
[EventRounds "5"]
[EventCountry "CAN"]
[SourceTitle "EXT 2011"]
[Source "ChessBase"]
[SourceDate "2011.11.26"]
[SourceVersion "1"]
[SourceVersionDate "2011.11.26"]
[SourceQuality "1"]

1. e4 e6 2. d4 d5 3. Nc3 dxe4 4. Nxe4 Nd7 5. Nf3 Ngf6 6. Bg5 Be7 7. Bxf6 Nxf6 8. Nxf6+ Bxf6 9. Be2 O-O 10. O-O b6 11. c3 Bb7 12. Re1 c6 13. Bd3 Qc7 14. Qd2 c5 15. Be4 Rad8 16. Bxb7 Qxb7 17. Qe3 cxd4 18. cxd4 Rd5 19. Qe4 Qd7 20. Rad1 Rd8 21. Rd2 Bxd4 22. Red1 Bxb2 23. Rxd5 exd5 24. Qc2 Bf6 25. Rc1 h6 26. Qc7 Qxc7 27. Rxc7 d4 28. Rc1 d3 29. Rd1 Bc3 30. Ne1 Bxe1 31. Rxe1 d2 32. Rd1 Rc8 33. Kf1 Rc2 34. Ke2 Rxa2 35. Rxd2 Rxd2+ 36. Kxd2 a5 37. Kc3 Kf8 38. Kc4 Ke7 0-1

[Event "Winnipeg TNT April op"]
[Site "Winnipeg CAN"]
[Date "2008.04.01"]
[Round "1"]
[White "Green, Aaron"]
[Black "Mundwiler, Les"]
[Result "0-1"]
[WhiteElo "1644"]
[BlackElo "2030"]
[PlyCount "85"]
[GameId "2160767910557492"]
[EventDate "2008.01.04"]
[EventType "swiss"]
[EventRounds "5"]
[EventCountry "CAN"]
[SourceTitle "EXT 2011"]
[Source "ChessBase"]
[SourceDate "2011.11.26"]
[SourceVersion "1"]
[SourceVersionDate "2011.11.26"]
[SourceQuality "1"]

1. e4 c5 2. Nf3 Nc6 3. d4 cxd4 4. Nxd4 Nf6 5. Nc3 d6 6. Be3 Ng4 7. Nxc6 bxc6 8. Qd2 Nxe3 9. Qxe3 Qb6 10. Qxb6 axb6 11. Be2 g6 12. O-O Bg7 13. f4 Bd4+ 14. Kh1 Bxc3 15. bxc3 Ra5 16. Rfb1 b5 17. c4 bxc4 18. Bxc4 Ra4 19. Bd3 Kd8 20. c3 Kc7 21. Rb4 Ra7 22. Bc2 Be6 23. a4 Rha8 24. Ra3 c5 25. Rb1 Bc4 26. Kg1 Ra6 27. Kf2 h6 28. Ke3 e5 29. g3 exf4+ 30. gxf4 d5 31. e5 f6 32. Rg1 fxe5 33. Rxg6 exf4+ 34. Kxf4 Rf8+ 35. Ke3 Rxg6 36. Bxg6 Rg8 37. Bf5 Rg2 38. h3 d4+ 39. Kf3 Bd5+ 40. Be4 Bxe4+ 41. Kxe4 Rg3 42. Kd5 Rxh3 43. Kxc5 0-1

[Event "Winnipeg TNT April op"]
[Site "Winnipeg CAN"]
[Date "2008.04.01"]
[Round "1"]
[White "Kernetsky, Myron"]
[Black "Wasserman, Leor"]
[Result "1-0"]
[WhiteElo "1902"]
[BlackElo "1464"]
[PlyCount "83"]
[GameId "2160767910557494"]
[EventDate "2008.01.04"]
[EventType "swiss"]
[EventRounds "5"]
[EventCountry "CAN"]
[SourceTitle "EXT 2011"]
[Source "ChessBase"]
[SourceDate "2011.11.26"]
[SourceVersion "1"]
[SourceVersionDate "2011.11.26"]
[SourceQuality "1"]

1. d4 d5 2. c4 c6 3. Nc3 Nf6 4. Nf3 h6 5. e3 g6 6. Bd3 Bg7 7. O-O O-O 8. b4 Be6 9. c5 Bg4 10. Rb1 Nbd7 11. b5 e5 12. Be2 e4 13. Nd2 Bxe2 14. Qxe2 Qc7 15. Nb3 h5 16. h3 Rfe8 17. Bd2 Nf8 18. bxc6 bxc6 19. Qa6 Re6 20. Na5 g5 21. Rb7 Qc8 22. Rfb1 g4 23. Qf1 N6h7 24. hxg4 hxg4 25. Ne2 Rh6 26. Ng3 Nf6 27. Qe2 Nh5 28. R7b3 Nxg3 29. fxg3 f5 30. Nb7 Qe8 31. Nd6 Qh5 32. Rb8 Rxb8 33. Rxb8 Qh1+ 34. Kf2 Qa1 35. Be1 Qc1 36. Nxf5 Rf6 37. Qxg4 Qc2+ 38. Kg1 Rxf5 39. Qxf5 Qxa2 40. Rb7 Kh8 41. Qh5+ Nh7 42. Qf7 1-0

[Event "Winnipeg TNT April op"]
[Site "Winnipeg CAN"]
[Date "2008.04.01"]
[Round "1"]
[White "Klusa, Lawrence"]
[Black "Silva, T Romero"]
[Result "0-1"]
[WhiteElo "1291"]
[BlackElo "1773"]
[PlyCount "98"]
[GameId "2160767910557495"]
[EventDate "2008.01.04"]
[EventType "swiss"]
[EventRounds "5"]
[EventCountry "CAN"]
[SourceTitle "EXT 2011"]
[Source "ChessBase"]
[SourceDate "2011.11.26"]
[SourceVersion "1"]
[SourceVersionDate "2011.11.26"]
[SourceQuality "1"]

1. d4 d5 2. g3 c6 3. Bg2 Nf6 4. Nf3 g6 5. b3 Bg7 6. Bb2 a5 7. a4 O-O 8. Nc3 Re8 9. O-O Nbd7 10. Re1 e5 11. e4 exd4 12. Nxd4 dxe4 13. Nxe4 Nxe4 14. Bxe4 Nc5 15. f3 Nxe4 16. Rxe4 Rxe4 17. fxe4 c5 18. Nb5 Qxd1+ 19. Rxd1 Bxb2 20. c3 Be6 21. Rb1 Bxb3 22. Rxb2 Bxa4 23. Nc7 Ra7 24. Nd5 Bc6 25. c4 Kf8 26. Kf2 Ke8 27. Ra2 Kd7 28. Ke3 Ke6 29. Kf4 h6 30. h4 b5 31. cxb5 Bxb5 32. Nc3 Bc6 33. g4 f6 34. h5 g5+ 35. Kf3 Ke5 36. Ke3 c4 37. Kf3 Kd6 38. Rd2+ Kc5 39. Ra2 a4 40. Ne2 a3 41. Ra1 Ra8 42. Nc3 Kb4 43. Nd5+ Kb3 44. Rb1+ Kc2 45. Rb4 Bxd5 46. exd5 c3 47. Re4 a2 48. Re1 a1=Q 49. Rxa1 Rxa1 0-1

[Event "Winnipeg TNT April op"]
[Site "Winnipeg CAN"]
[Date "2008.04.01"]
[Round "1"]
[White "Kong, Dezheng"]
[Black "Klusa, Mark"]
[Result "1-0"]
[WhiteElo "1814"]
[BlackElo "1384"]
[PlyCount "41"]
[GameId "2160767910557496"]
[EventDate "2008.01.04"]
[EventType "swiss"]
[EventRounds "5"]
[EventCountry "CAN"]
[SourceTitle "EXT 2011"]
[Source "ChessBase"]
[SourceDate "2011.11.26"]
[SourceVersion "1"]
[SourceVersionDate "2011.11.26"]
[SourceQuality "1"]

1. d4 d6 2. c4 g6 3. Nc3 Bg7 4. Nf3 Nf6 5. e4 Nc6 6. Be2 Bd7 7. O-O e5 8. d5 Ne7 9. Qc2 O-O 10. Bg5 a6 11. c5 dxc5 12. Nxe5 Ne8 13. Nxd7 Qxd7 14. Rad1 Nd6 15. Qd3 b5 16. Rc1 Rfe8 17. b3 c6 18. Bxe7 Rxe7 19. dxc6 Qxc6 20. Nd5 Nxe4 21. Nxe7+ 1-0

[Event "Winnipeg TNT April op"]
[Site "Winnipeg CAN"]
[Date "2008.04.01"]
[Round "1"]
[White "Lauritson, Jim"]
[Black "Wasserman, Arie"]
[Result "1-0"]
[WhiteElo "1997"]
[BlackElo "1622"]
[PlyCount "41"]
[GameId "2160767910557497"]
[EventDate "2008.01.04"]
[EventType "swiss"]
[EventRounds "5"]
[EventCountry "CAN"]
[SourceTitle "EXT 2011"]
[Source "ChessBase"]
[SourceDate "2011.11.26"]
[SourceVersion "1"]
[SourceVersionDate "2011.11.26"]
[SourceQuality "1"]

1. d4 d5 2. c4 Nf6 3. cxd5 Nxd5 4. e4 Nf6 5. Nc3 e6 6. Nf3 Nc6 7. a3 Be7 8. Bd3 a6 9. O-O O-O 10. Bc2 Nd7 11. Bf4 f6 12. Re1 e5 13. Bg3 Bd6 14. Qd3 Re8 15. Rad1 Nf8 16. dxe5 fxe5 17. Bh4 Qd7 18. Bb3+ Kh8 19. Ng5 Re7 20. Nd5 Re8 21. Nb6 1-0

[Event "Winnipeg TNT April op"]
[Site "Winnipeg CAN"]
[Date "2008.04.01"]
[Round "1"]
[White "Letain, Cory"]
[Black "Gibson, Kris"]
[Result "1-0"]
[WhiteElo "1428"]
[BlackElo "1852"]
[PlyCount "45"]
[GameId "2160767910557498"]
[EventDate "2008.01.04"]
[EventType "swiss"]
[EventRounds "5"]
[EventCountry "CAN"]
[SourceTitle "EXT 2011"]
[Source "ChessBase"]
[SourceDate "2011.11.26"]
[SourceVersion "1"]
[SourceVersionDate "2011.11.26"]
[SourceQuality "1"]

1. d4 d5 2. c4 c6 3. Nf3 e6 4. e3 Nf6 5. Nc3 Nbd7 6. Bd3 Qc7 7. O-O h5 8. cxd5 cxd5 9. Bd2 a6 10. Rc1 Qb8 11. Qc2 Bd6 12. e4 dxe4 13. Nxe4 Nxe4 14. Bxe4 f5 15. Bxf5 exf5 16. Rfe1+ Kf8 17. Qxf5+ Nf6 18. Qg6 Bf5 19. Qxf5 Qd8 20. Bg5 Qd7 21. Re6 Kg8 22. Bxf6 gxf6 23. Qg6+ 1-0

[Event "Winnipeg TNT April op"]
[Site "Winnipeg CAN"]
[Date "2008.04.01"]
[Round "1"]
[White "Martens, Peter"]
[Black "Greenberg, Harley"]
[Result "0-1"]
[WhiteElo "1181"]
[BlackElo "1720"]
[PlyCount "112"]
[GameId "2160767910557499"]
[EventDate "2008.01.04"]
[EventType "swiss"]
[EventRounds "5"]
[EventCountry "CAN"]
[SourceTitle "EXT 2011"]
[Source "ChessBase"]
[SourceDate "2011.11.26"]
[SourceVersion "1"]
[SourceVersionDate "2011.11.26"]
[SourceQuality "1"]

1. e4 c5 2. Nc3 Nc6 3. Nf3 d6 4. Bb5 e5 5. d3 Be7 6. Bd2 Nf6 7. h3 O-O 8. Qe2 Nd4 9. Nxd4 cxd4 10. Nd5 Nxd5 11. exd5 Qb6 12. Bc4 Qxb2 13. O-O Qb6 14. Rab1 Qc7 15. Qf3 Bd7 16. Qg3 f5 17. Bh6 Bf6 18. f4 e4 19. dxe4 Qxc4 20. Rxb7 Rf7 21. exf5 Qxd5 22. Rfb1 Qxf5 23. h4 Bxh4 24. Rb8+ Rxb8 25. Rxb8+ Bc8 26. Qxh4 gxh6 27. Qxh6 Rf8 28. Qh3 Qxh3 29. gxh3 Bxh3 30. Rb4 Rxf4 31. c3 a5 32. Rc4 Bf1 33. Rxd4 Rxd4 34. cxd4 Bc4 35. a3 Kf7 36. Kf2 Ke6 37. Ke3 Kd5 38. Kd2 Kxd4 39. Kc2 h5 40. a4 h4 41. Kd2 Ke4 42. Kc3 d5 43. Kd2 h3 44. Ke1 Kf3 45. Kd2 h2 46. Kc3 h1=Q 47. Kd4 Qd1+ 48. Ke5 Qxa4 49. Kd4 Qc2 50. Ke5 a4 51. Kd6 a3 52. Kc5 a2 53. Kb4 a1=Q 54. Kc5 Qa7+ 55. Kd6 Qb6+ 56. Ke5 Qe4# 0-1

[Event "Winnipeg TNT April op"]
[Site "Winnipeg CAN"]
[Date "2008.04.01"]
[Round "1"]
[White "Rumpel, Chris"]
[Black "Gibbons, Lorne"]
[Result "1-0"]
[WhiteElo "1754"]
[BlackElo "1256"]
[PlyCount "25"]
[GameId "2160767910557500"]
[EventDate "2008.01.04"]
[EventType "swiss"]
[EventRounds "5"]
[EventCountry "CAN"]
[SourceTitle "EXT 2011"]
[Source "ChessBase"]
[SourceDate "2011.11.26"]
[SourceVersion "1"]
[SourceVersionDate "2011.11.26"]
[SourceQuality "1"]

1. d4 d5 2. c4 e6 3. Nc3 Nf6 4. Bg5 h6 5. Bh4 g5 6. Bg3 Nh5 7. Be5 f6 8. e4 dxc4 9. Qxh5+ Ke7 10. Bg3 Qxd4 11. Nf3 Qb6 12. e5 Bg7 13. Qg6 1-0

[Event "Winnipeg TNT April op"]
[Site "Winnipeg CAN"]
[Date "2008.04.01"]
[Round "1"]
[White "Xue, Li"]
[Black "Martens, James"]
[Result "1-0"]
[WhiteElo "1697"]
[BlackElo "1138"]
[PlyCount "81"]
[GameId "2160767910557501"]
[EventDate "2008.01.04"]
[EventType "swiss"]
[EventRounds "5"]
[EventCountry "CAN"]
[SourceTitle "EXT 2011"]
[Source "ChessBase"]
[SourceDate "2011.11.26"]
[SourceVersion "1"]
[SourceVersionDate "2011.11.26"]
[SourceQuality "1"]

1. d4 Nf6 2. c4 Nc6 3. Nf3 g6 4. Nc3 Bg7 5. Bg5 Ng8 6. Qd2 a5 7. e3 f6 8. Bh4 d6 9. Bd3 Bg4 10. Be4 Bxf3 11. Bxf3 Nh6 12. Be4 Qd7 13. h3 f5 14. Bd5 a4 15. O-O a3 16. bxa3 Rxa3 17. Qb2 Rxc3 18. Qxc3 e5 19. Rad1 Rf8 20. Qb2 Ne7 21. Bxb7 d5 22. cxd5 exd4 23. exd4 Bf6 24. Rfe1 Bxh4 25. Bc6 Qxc6 26. dxc6 Rf6 27. g3 Bg5 28. f4 Bxf4 29. gxf4 Kf7 30. Qb3+ Kg7 31. Rxe7+ Nf7 32. Rxc7 Kf8 33. Rxf7+ Rxf7 34. Qxf7+ Kxf7 35. c7 Kg7 36. c8=Q Kh6 37. Qd7 g5 38. Qe6+ Kh5 39. Qf7+ Kh4 40. Qxh7+ Kg3 41. Rd3+ 1-0

[Event "Winnipeg TNT April op"]
[Site "Winnipeg CAN"]
[Date "2008.04.08"]
[Round "2"]
[White "Gibson, Kris"]
[Black "Klusa, Lawrence"]
[Result "1-0"]
[WhiteElo "1852"]
[BlackElo "1291"]
[PlyCount "35"]
[GameId "2160767910557503"]
[EventDate "2008.01.04"]
[EventType "swiss"]
[EventRounds "5"]
[EventCountry "CAN"]
[SourceTitle "EXT 2011"]
[Source "ChessBase"]
[SourceDate "2011.11.26"]
[SourceVersion "1"]
[SourceVersionDate "2011.11.26"]
[SourceQuality "1"]

1. e4 d6 2. d4 g6 3. f4 Bg7 4. h3 e5 5. Nf3 b6 6. Bc4 exd4 7. c3 Qe7 8. O-O Nh6 9. f5 O-O 10. Bg5 Qxe4 11. f6 Bxf6 12. Nbd2 Qf5 13. Bxh6 Re8 14. Bxf7+ Kh8 15. Bxe8 dxc3 16. Ng5 Qc5+ 17. Kh1 Bxg5 18. Rf8# 1-0